LEADER 01662nam0 22003253i 450 001 VAN0240293 005 20231212025734.173 017 70$2N$a9789811655845 100 $a20220214d2021 |0itac50 ba 101 $aeng 102 $aSG 105 $a|||| ||||| 200 1 $aAutoBATS and 3D MUSIC: New Approaches to Imaging Earthquake Rupture Behaviors$eDoctoral Thesis accepted by National Taiwan University, Taipei, Taiwan$fPei-Ru Jian 210 $aSingapore$cSpringer$d2021 215 $aX, 101 p.$cill.$d24 cm 410 1$1001VAN0104193$12001 $aSpringer theses$erecognizing outstanding Ph.D. research$1210 $aBerlin$cSpringer$d2010- 620 $aSG$dSingapore$3VANL000061 676 $a550$cScienze della terra e geologia - Geofisica$v22 676 $a526$cCartografia - Geodesia$v22 700 1$aJian$bPei-Ru$3VANV196892$01072619 712 $aSpringer $3VANV108073$4650 801 $aIT$bSOL$c20240614$gRICA 856 4 $u/sebina/repository/catalogazione/documenti/387.pdf$z387.pdf 856 4 $uhttps://rd.springer.com/book/10.1007/978-981-16-5584-5$zE-book - Accesso al full-text attraverso riconoscimento IP di Ateneo, proxy e/o Shibboleth 899 $aBIBLIOTECA DEL DIPARTIMENTO DI SCIENZE E TECNOLOGIE AMBIENTALI BIOLOGICHE E FARMACEUTICHE$1IT-CE0101$2VAN17 912 $fN 912 $aVAN0240293 950 $aBIBLIOTECA DEL DIPARTIMENTO DI SCIENZE E TECNOLOGIE AMBIENTALI BIOLOGICHE E FARMACEUTICHE$d17CONS e-book 2224 $e17BIB2224/515 515 20220214 996 $aAutoBATS and 3D MUSIC: New Approaches to Imaging Earthquake Rupture Behaviors$92595540 997 $aUNICAMPANIA